000 00790cam a2200145 4500500
005 20251109010953.0
041 _afre
042 _adc
100 1 0 _aSkoric, Arthur
_eauthor
245 0 0 _aÀ la rencontre de Ravel : voix croisées Karol Beffa, En avant la musique ! Maurice Ravel, Éditions des Équateurs, 2025, 208 pages, 14 €. Maurice Ravel, Correspondance, écrits et entretiens, édition de Manuel Cornejo, coffret de deux volumes, 2 000 lettres et cartes, 147 écrits, dont 28 articles et 80 entretiens, Gallimard, « Tel », 2025, 2 934 pages, 32 €.
260 _c2025.
500 _a25
786 0 _nÉtudes | 4331 | 11 | 2025-11-03 | p. 119-120 | 0014-1941
856 4 1 _uhttps://shs.cairn.info/revue-etudes-2025-11-page-119?lang=fr&redirect-ssocas=7080
999 _c1562186
_d1562186